Представление документа в формате MARC21

Поле Инд. ПП Название Значение
Тип записи a
Библиографический уровень m
001 Контрольный номер c4ecd446dcde4947bc9819be9537e763
005 Дата корректировки 20260414150734.3
020 c Цена, тираж 200-00
084 a Индекс другой классификации/Индекс ББК 65
090 a Полочн. индекс К 65
c Каталожный индекс К 65
x Авторский знак Ф 18
091 i Возрастная адресация (DOS) 12+
097 b Оператор Сунагатуллина; Кондратьева; Попеленкова; Кондратьева
245 10 a Заглавие Факел Таймыра
b Продолж. заглавия Корпоративный журнал АО "Норильскгазпром"
c Ответственность главный редактор Н. Болдакова ; фото К. Ивлева
n Номер части/ раздела №2/2025
260 c Дата издания 2026
a Место издания Норильск
b Издательство [б. и.]
300 a Объем 57 с.
b Иллюстрации/ тип воспроизводства ил.
901 t Тип документа s